Família real britânica - Statistics

Estatísticas Gerais
  • Esse quiz foi jogado 91 vezes
  • A pontuação média é 10 de 15
Estatísticas das Respostas
Hint Resposta % Correto
Quantos filhos tem o filho mais novo do príncipe Carlos? 2
82%
Como se chamava a mãe dos filhos do príncipe Carlos? Diana
81%
Como se chama o filho mais velho do príncipe Carlos? William
81%
Quantos filhos tem o filho mais velho do príncipe Carlos? 3
79%
Quem é o filho mais velho da rainha? Carlos
79%
Em que ano o filho mais novo do príncipe Carlos e a sua mulher deixaram a monarquia? 2020
76%
Quem é a mulher do príncipe Carlos? Camila
71%
Como se chama o filho mais novo do príncipe Carlos? Harry
71%
Quem é a matriarca? Isabel II
69%
Quem é o marido da rainha? Philip
69%
Como se chama a mulher do filho mais velho do príncipe Carlos? Kate
66%
Como se chama a única filha da rainha? Ana
50%
Como se chama a mulher do filho mais velho do príncipe Carlos? Megan
49%
Onde é que o filho mais velho do príncipe Carlos conheceu a sua mulher? Universidade
32%
Onde fica a residência da família real? Castelo de Windsor
24%
Nenhum quiz correspondente encontrado
Distribuição das Pontuações
Porcentagem de Pessoas com Cada Pontuação
Percentil de Números Respondidos
Sua Pontuação Histórica
Você não jogou esse quiz